| 000 | 00705cam a2200157K 4500 | ||
|---|---|---|---|
| 082 | 0 | 4 |
_a956.7 _bCAN |
| 100 | 1 |
_aCandler, Edmund, _949919 |
|
| 245 | 1 | 4 |
_aThe long road to Baghdad _cby Edmund Candler, late official "Eye-witness" in Mesopotamia; with 19 maps and plans and 16 half-tone plates. |
| 260 |
_aBoston and New York, _bHoughton Mifflin, _c1919. |
||
| 300 |
_a1 online resource (2 v.) _bfronts., illus. (plans) 12 pl., ports., 2 fold. maps. |
||
| 526 |
_a0 _b0 _c0 _d956_700000000000000_CAN |
||
| 650 | 0 |
_aMCE _9379 |
|
| 650 | 0 |
_aWorld War, 1914-1918 _xCampaigns _zTurkey and the Near East _zMesopotamia. _949920 |
|
| 856 | 4 | 0 | _uhttp://catalog.hathitrust.org/api/volumes/oclc/4658095.html |
| 942 |
_2ddc _cBK |
||
| 999 |
_c552658 _d552658 |
||